| 000 | 00490nam a2200181Ia 4500 | ||
|---|---|---|---|
| 001 | 46847 | ||
| 008 | 140429s9999 xx 000 0 und d | ||
| 020 | _aNA | ||
| 040 | _cPK-LaUMT | ||
| 082 |
_aRHC 297.74 _bAMI-D |
||
| 100 | _aAmin Ahsan Islahi | ||
| 245 |
_aDaavat-e-deen (Urdu) _bus ki ahamiyyat aur us kay ussol-o-maraahil _cAmin Ahsan Islahi |
||
| 260 |
_aRampur,India: _bMaktabah Jamat-e-Islami, _cNA |
||
| 300 | _a335 p. | ||
| 546 | _aUR | ||
| 650 | _aCall to Islam | ||
| 942 | _cBK | ||
| 999 |
_c44796 _d44796 |
||